00582nam a2200181Ia 4500003000900000008004100009040001600050080001800066100002100084245010400105250001100209260002600220300002300246490003800269650004100307650002600348650002600374IN-BaIIA211028s9999 xx 000 0 eng d cIIA Library a(035)621bESH aEshbach, Ovid W. 0aHandbook of engineering fundamentalscOvid W. Eshbach  a2nd ed aNew YorkbWileyc1963 a[various pagings.] aWiley engineering handbook series aAstronomy and Astrophysics Thesaurus aEngineering Handbooks aHandbooks-Engineering